|
|
|
|
| LEADER |
00000nam0a2200000 4500 |
| 001 |
105290 |
| 005 |
20231101214612.0 |
| 035 |
|
|
|a (RuTPU)RU\TPU\book\113585
|
| 090 |
|
|
|a 105290
|
| 100 |
|
|
|a 20061114d1975 k y0rusy50 ca
|
| 101 |
0 |
|
|a rus
|
| 102 |
|
|
|a RU
|
| 105 |
|
|
|a a z 001zy
|
| 200 |
1 |
|
|a Спектроскопия и ее применение в геофизике и химии
|f под ред. Я. Д. Райхбаума, А. В. Сечкарева
|
| 210 |
|
|
|a Новосибирск
|c Наука
|d 1975
|
| 215 |
|
|
|a 387 с.
|c ил.
|
| 320 |
|
|
|a Библиогр. в конце ст.
|
| 606 |
1 |
|
|a Спектральный анализ
|2 stltpush
|3 (RuTPU)RU\TPU\subj\67783
|9 83449
|
| 610 |
1 |
|
|a спектроскопия
|
| 610 |
1 |
|
|a химия
|
| 610 |
1 |
|
|a геофизика
|
| 675 |
|
|
|a 535.33
|v 3
|
| 675 |
|
|
|a 539.1.078.1
|v 3
|
| 675 |
|
|
|a 550.3
|v 3
|
| 675 |
|
|
|a 543.42
|v 3
|
| 702 |
|
1 |
|a Райхбаум
|b Я. Д.
|4 340
|
| 702 |
|
1 |
|a Сечкарев
|b А. В.
|4 340
|
| 801 |
|
1 |
|a RU
|b 63413507
|c 20061114
|g PSBO
|
| 801 |
|
2 |
|a RU
|b 63413507
|c 20141127
|g PSBO
|
| 942 |
|
|
|c BK
|